Kdy je roadshow efektivní?
Otázky, na ktoré si firma musí dať odpoveď pred realizáciou roadshow. Roadshow ako podporný prostriedok značky. Praktický príklad: Roadshow s názvom "Jde se na hokej". Manuál pre úspešnú roadshow. Vyhodnotenie úspešnosti roadshow.
Gespeichert in:
| 1. Verfasser: | |
|---|---|
| Format: | Buchkapitel |
| Sprache: | Tschechisch |
| Schlagworte: | |
| Tags: |
Keine Tags, Fügen Sie das erste Tag hinzu!
|
MARC
| LEADER | 00000naa$a2200000$$$4500 | ||
|---|---|---|---|
| 001 | 0094413 | ||
| 005 | 20231019093646.2 | ||
| 041 | 0 | |a cze | |
| 044 | |a CZ | ||
| 245 | 1 | 0 | |a Kdy je roadshow efektivní? |c Petr Lešek |
| 520 | |a Otázky, na ktoré si firma musí dať odpoveď pred realizáciou roadshow. Roadshow ako podporný prostriedok značky. Praktický príklad: Roadshow s názvom "Jde se na hokej". Manuál pre úspešnú roadshow. Vyhodnotenie úspešnosti roadshow. | ||
| 610 | 2 | 0 | |a marketing |
| 610 | 2 | 0 | |a komunikácia marketingová |
| 610 | 2 | 0 | |a reklama |
| 610 | 2 | 0 | |a značky výrobkov |
| 610 | 2 | 0 | |a firmy |
| 610 | 2 | 0 | |a zákazníci |
| 610 | 2 | 0 | |a rozpočet nákladov |
| 610 | 2 | 0 | |a efektívnosť |
| 100 | 1 | |a Lešek, Petr | |